Ultra ohtumba

Guardat en:
Dades bibliogràfiques
Autor principal: Morand V., Carlos (autor)
Format: Llibre
Idioma:espanyol
Publicat: Santiago Lagos 1988
Matèries:
Etiquetes: Afegir etiqueta
Sense etiquetes, Sigues el primer a etiquetar aquest registre!

MARC

LEADER 00000nam a2200000 a 4500
001 UCW9316
003 CL-VaPUC
008 890309e19880000CL |||||||||||||||||spa|d
082 0 4 |a Ch863  |b MOR  |2 21 
100 |a Morand V., Carlos  |e autor  |9 346215 
245 1 0 |a Ultra ohtumba 
300 |a 239 p 
942 |c BK 
945 |d 19890309 00:00:00 
260 |a Santiago  |b Lagos  |c 1988 
650 0 |a Novelas chilenas   |9 265425 
583 |a last modification  |c 19890309 00:00:00  |k Rodrigo Vera 
999 |c 221323  |d 221321 
952 |0 0  |1 0  |4 0  |6 CH_863_000000000000000_MOR_1988  |7 0  |8 A  |9 214503  |a FDOPOS  |b FDOPOS  |d 2019-11-15  |i 283104K  |o Ch863 MOR 1988  |p 283104K  |r 2025-01-22  |w 2019-11-15  |y BK  |k MLH 
952 |0 0  |1 0  |4 0  |6 CH_863_000000000000000_MOR_1988  |7 0  |8 A  |9 214504  |a FDOPOS  |b FDOPOS  |d 2019-11-15  |i 2831058  |o Ch863 MOR 1988  |p 2831058  |r 2025-01-22  |w 2019-11-15  |y BK  |k MLH